000 00300nam a2200121Ia 4500
008 230907s9999||||xx |||||||||||||| ||und||
082 _a541.361
_bGLA
100 _aGlassman, Irvin,
245 0 _aCombustion /
260 _aAcademic Press,
_bOxford :
_c2015
300 _axv, 757 pages :
942 _cBK
999 _c597911
_d597911